Financial statements and corporate accounts (Record no. 104822)
[ view plain ]
| 000 -LEADER | |
|---|---|
| fixed length control field | 00980cam a2200205 4500 |
| 001 - CONTROL NUMBER | |
| control field | ##L131748 |
| 008 - FIXED-LENGTH DATA ELEMENTS--GENERAL INFORMATION | |
| fixed length control field | 051205n2005 000 0 eng u |
| 035 ## - SYSTEM CONTROL NUMBER | |
| System control number | (Sirsi) u131748 |
| 041 0# - LANGUAGE CODE | |
| Language code of text/sound track or separate title | eng |
| 100 1# - MAIN ENTRY--PERSONAL NAME | |
| Personal name | Eccles, T. |
| 245 00 - TITLE STATEMENT | |
| Title | Financial statements and corporate accounts |
| Remainder of title | the conceptual framework |
| 260 ## - PUBLICATION, DISTRIBUTION, ETC. | |
| Date of publication, distribution, etc. | 2005 |
| 490 #0 - SERIES STATEMENT | |
| Series statement | Property Management |
| Volume/sequential designation | 23(5) 2005, 374-387(14) |
| 520 ## - SUMMARY, ETC. | |
| Summary, etc. | Discusses the process by which standards are created and the opportunities for the involvement of property professionals, owners and users within the standard-setting regime. Examines the shift towards International Accounting Standards and establishes a framework to assist the surveying profession and wider property owners to be involved in the creation of accounting standards. |
| 590 ## - LOCAL NOTE (RLIN) | |
| Local note | IKA061205 |
| 650 24 - SUBJECT ADDED ENTRY--TOPICAL TERM | |
| Topical term or geographic name entry element | INTERNATIONAL ACCOUNTING STANDARDS |
| 690 ## - LOCAL SUBJECT ADDED ENTRY--TOPICAL TERM (OCLC, RLIN) | |
| Topical term or geographic name as entry element | MANAGEMENT-BUSINESS MANAGEMENT-FINANCIAL MANAGEMENT-ACCOUNTING |
| 700 1# - ADDED ENTRY--PERSONAL NAME | |
| Personal name | Holt, Andrew |
| 942 ## - ADDED ENTRY ELEMENTS (KOHA) | |
| Suppress in OPAC | 0 |
| Withdrawn status | Lost status | Source of classification or shelving scheme | Damaged status | Not for loan | Home library | Current library | Shelving location | Date acquired | Total Checkouts | Full call number | Barcode | Date last seen | Copy number | Price effective from | Koha item type |
|---|---|---|---|---|---|---|---|---|---|---|---|---|---|---|---|
| Dewey Decimal Classification | London | London | Journal article | 05/12/2005 | L131748 | 131748-1001 | 06/08/2019 | 1 | 06/08/2019 | Journal article |